00763nam a2200169Ia 450000500170000000800410001702000150005808200160007310000160008924500690010526000280017430000180020250002540022094200060047495200980048099900150057820240822012812.0240331s9999 xx 000 0 und d a0415039576 bFOUa610.90 aFoucault, M 4aThe birth of the clinic :b an archaeology of medical perception aLondonbRoutledgec1973 axix, 215 p ., aThe Birth of the Clinic is an r and original study of the birth of modern medicine that parallels Foucault's now classic madness and civilization in which he charted the history of men's attitudes towards and treatment of those designated as insane. cL 001040708LaWERCLbWERCLcSSCd2024-03-31l0o 610.9 FOU p2421r2024-03-31w2024-03-31yL c3003d3003